000 00836nam a2200265 i 4500
001 93492
003 ES-MaACL
005 20240306142524.0
007 t|
008 050531s2004 sp ||||1| spa d
020 _a84-9784-013-5
080 _a323.12(=411.16:430)"1933/1945"
080 _a323.12(=411.16):159.9
080 _a329.18(430)"1933/45"
100 1 _aFriedlèander, Saul.
_9127153
245 1 0 _a¿Por qué el holocausto?
_b: historia de una psicosis colectiva /
_cSaul Friedlèander.
250 _a1ª ed.
260 _aBarcelona :
_bGedisa,
_c2004.
300 _a222 p. ;
_c21 cm.
650 1 4 _aAntisemitismo-
_zAlemania-
_y1933-1945.
_99859
650 1 4 _aAntisemitismo-
_xAspectos psicológicos.
_99860
650 4 _aNacionalsocialismo
_915470
852 _aES-MaACL
_jL-29129
_bR.135585
999 _c93492
_d93492